Normale Ansicht MARC-Ansicht ISBD

100 Jahre Fritz Krause - ein Frankfurter Leben (Titelsatznr. 373721)

[ MARC ]
MARC-Details
000 -Satzkennung
Kontrollfeld mit fester Länge 00715nab a2200193 4500
001 - Kontrollnummer
Kontrollfeld 244442
003 - Kontrollnummer Identifier
Kontrollfeld OSt
005 - Datum und Zeit der letzten Transaktion
Kontrollfeld 20250423073042.0
007 - Feld mit fester Länge zur physischen Beschreibung - Allgemeine Information
Kontrollfeld mit fester Länge tu
008 - Feld mit fester Länge zur physischen Beschreibung - Allgemeine Angaben
Kontrollfeld mit fester Länge 200917s2020|||||||
040 ## - Katalogisierungsquelle
Original-Katalogisierungsstelle DE-2950
Übertragungsstelle DE-2950
245 00 - Titel
Titel 100 Jahre Fritz Krause - ein Frankfurter Leben
Zusatz zum Titel Stadtgeschichte. Fritz Krause wäre an diesem Sonntag 100 Jahre alt geworden. Vielen ist er als volksnaher beliebter OB in Erinnerung geblieben. Zugleich war er eine wichtige Stütze des Regimes in der DDR/
Verfasserangabe etc. Jörg Kotterba
264 ## - Produktion, Veröffentlichung, Distribution, Herstellung und Urheberrechtsvermerk
Datum der Herstellung, der Veröffentlichung, des Vertriebs oder des Urheberschutzvermerks 2024
653 ## - Indexierungsterm - Nicht normiert
Nicht-normierter Term Frankfurt (Oder)
653 ## - Indexierungsterm - Nicht normiert
Nicht-normierter Term Fritz Krause
653 ## - Indexierungsterm - Nicht normiert
Nicht-normierter Term Biografie
773 0# - Übergeordnete Einheit
Verknüpfungsangaben 36. Jahrgang (2025) Nr. 87 vom 12.04.2025, S. 17 mit Foto
Titel Märkische Oderzeitung
942 ## - Zusätzliche Felder (Koha)
Klassifikation oder Aufstellungssystematik Andere/Generische Klassifikation
Koha-Medientyp Aufsätze
Exemplare
Ausgeschieden Verloren Klassifikation oder Aufstellungssystematik Beschädigt Nicht entleihbar Heimatbibliothek Aufenthaltsbibliothek Aufstellungsort Erwerbungsdatum Anzahl Ausleihen Signatur Letzte Aktivität Preis gültig von Koha-Medientyp
    Andere/Generische Klassifikation     Stadtarchiv Frankfurt (Oder) | Archivbibliothek Stadtarchiv Frankfurt (Oder) | Archivbibliothek Magazin 23/04/2025   Z2 23/04/2025 23/04/2025 Aufsätze